A tocaia de lampião e dos seres encantados (Record no. 195042)

MARC details
000 -LÍDER
campo de controle de tamanho fixo 00397 a2200157 4500
001 - NÚMERO DE CONTROLE
campo de controle 195042
040 ## - FONTE DA CATALOGAÇÃO
Instituição que transcreveu o registro Magnum
100 ## - ENTRADA PRINCIPAL--NOME PESSOAL
Nome pessoal SANCHO, Ana Paula
240 10 - TÍTULO UNIFORME
Título uniforme A tocaia de lampião e dos seres encantados
Idioma da obra por
245 10 - TÍTULO
Título A tocaia de lampião e dos seres encantados
300 ## - DESCRIÇÃO FÍSICA
Extensão 24
362 0# - DATAS DE PUBLICAÇÃO E/OU DESIGNAÇÃO SEQUENCIAL
Datas de publicação e/ou designação sequencial 2011
440 #1 - DECLARAÇÃO DE SÉRIE/ENTRADA ADICIONADA--TÍTULO
Título Governo do Estado do Ceará
697 ## - ENTRADA DE ASSUNTO LOCAL--ENTIDADE COLETIVA (RLIN)
Nome corporativo ou nome da jurisdição LITERATURA INFANTO
942 ## - ELEMENTOS DE ENTRADA ADICIONADOS (KOHA)
Tipo de material Koha Livros
Holdings
Situação do descarte Situação das perdas Situação física Não pode ser emprestado Biblioteca de origem Biblioteca atual Data de aquisição Total de empréstimos Número de chamada completo Código de barras Data de último acesso Data do preço efetivo Tipo de material Koha
        Magnum Magnum 08/06/2024   869.1.1703 MAG00075744 08/06/2024 08/06/2024 Livros